000 00298nam a22001337a 4500
008 170918b xxu||||| |||| 00| 0 eng d
020 _a 9780072389326
041 _aeng
080 _26TH
_a7
100 _a44
101 _aART
245 _aFILM ART AN INTRODUCTION
_cBORDWELL,D
942 _2udc
_cBK
999 _c27979
_d27979